000 01633nam a2200313 a 4500
001 37911
003 BD-RjUL
005 20211209052703.0
008 150810s1996 bg b 00110 ben
020 _a9845160220
_c: Tk. 150.00
035 _a(BD-RjUL)38016
040 _aBD-RjUL
_bben
_cBD-RjUL
041 _aben
082 _223
_a320
_bRAR 1996
100 1 _aরহমান, মোঃ মকসুদুর
_9117128
245 1 0 _aরাষ্ট্রীয় সংগঠনের রূপরেখা = an outline of political organisation /
_cমোঃ মকসুদুর রহমান
250 _a২য় সং.
260 _aরাজশাহী :
_bরাজশাী বিশ্ববিদ্যালয় পাঠ্যপুস্তক প্রকাশনা বোর্ড,
_c১৯৯৬
300 _a৫১৯ পৃ. ;
_c২২ সেমি.
490 _aরা বি (পপজ) প্রকাশনা ;
_v৭৮
490 _aরা বি পাঠ্যপুস্তক প্রকাশনা ;
_v২২
500 _a"স্নাতক (সম্মান) ও স্নাতকোত্তর শ্রেণীর জন্য"
504 _aগ্রন্থপঞ্জী সংযুক্ত
650 _aরাষ্ট্রবিজ্ঞান
_9117129
650 _aPolitical science
_9116590
830 _aরা বি (পপজ) প্রকাশনা ;
_vরা বি (পপজ) প্রকাশনা ;
_9222335
830 _aরা বি পাঠ্যপুস্তক প্রকাশনা ;
_v২২
_9222336
942 _2ddc
_cBK
_033
999 _c37911
_d37911